000 00442nam a22001817a 4500
003 MPLRDC
005 20220104185700.0
008 210129b ||||| |||| 00| 0 eng d
020 _a0-425183-27-0
082 _a417.5 AME
100 _aDANIEL G. AMEN
245 _aHEALING ADD
_c
250 _aFIRST
260 _aUSA
_bBERKLEY PUBLISHING GROUP
_c2001
300 _b
650 _aATTENTION DEFICIT DISORDER
942 _cBK
_o417.5 AME
999 _c63434
_d63424